Sponsorzy Reprezentacji Polski w Piłce Nożnej Mężczyzn - Statystyki

Ogólne statystyki
  • Ten quiz został rozwiązany 34 razy
  • Średni wynik to 8 z 15
Statystyki odpowiedzi
Kategoria Sponsor Firma % Poprawnych
stacje paliw generalny Orlen . . .
100%
firma kurierska strategiczny Inpost . . .
91%
odzież sportowa dostawca s. sportowego Nike . . .
91%
supermarket oficjalni sponsorzy Biedronka . . .
84%
zakłady bukmacherskie oficjalni sponsorzy STS . . .
69%
alkohol oficjalni partnerzy Tyskie . . .
69%
mięso oficjalni sponsorzy Tarczyński . . .
66%
soki oficjalni partnerzy Tymbark . . .
59%
market budowlany oficjalni sponsorzy Leroy Merlin . . .
50%
catering dietetyczny oficjalni sponsorzy Kuchnia Vikinga . . .
44%
izotonik oficjalni partnerzy 4MOVE . . .
38%
okna oficjalni partnerzy Fakro . . .
13%
woda oficjalni partnerzy Staropolanka . . .
6%
dealer samochodów Toyota oficjalni partnerzy Carolina . . .
0%
elektronika oficjalni partnerzy TCL . . .
0%
Nie znaleziono quizów pasujących do podanych kryteriów
Rozkład punktacji
Procent ludzi z każdym wynikiem
Percentyl według liczby udzielonych odpowiedzi
Twoja historia wyników
Nie rozwiązałeś tego quizu